Banking policy and the price level: an essay in the theory of trade cycle
Gespeichert in:
| 1. Verfasser: | |
|---|---|
| Format: | Buch |
| Sprache: | Englisch |
| Veröffentlicht: |
Nueva York
August M. Kelley
1926
|
| Schlagworte: | |
| Tags: |
Tag hinzufügen
Keine Tags, Fügen Sie den ersten Tag hinzu!
|
MARC
| LEADER | 00000nam a2200000 a 4500 | ||
|---|---|---|---|
| 001 | UCR8652 | ||
| 003 | CL-VaPUC | ||
| 008 | 980529e19260000US |||||||||||||||||eng|d | ||
| 082 | 0 | 4 | |a 332.1 |b ROB |2 21 |
| 100 | 0 | |a Robertson, D. H |e author |9 410656 | |
| 245 | 1 | 0 | |a Banking policy and the price level: an essay in the theory of trade cycle |
| 300 | |a 103 p | ||
| 942 | |c BK | ||
| 945 | |d 19980529 00:00:00 |a crobeson | ||
| 260 | |a Nueva York |b August M. Kelley |c 1926 | ||
| 650 | 0 | |a Bancos |9 254963 | |
| 650 | 7 | |a INSTITUCIONES FINANCIERAS |2 CL-VaPUC |9 257940 | |
| 650 | 0 | |a Política económica |9 255029 | |
| 583 | |a last modification |c 19980529 00:00:00 |k Rodrigo Vera | ||
| 999 | |c 270048 |d 270046 | ||
| 952 | |0 0 |1 0 |4 0 |6 332_100000000000000_ROB_1926 |7 0 |8 P |9 304163 |a BIBGIM |b BIBGIM |d 2019-11-20 |i 1403915 |o 332.1 ROB 1926 |p 1403915 |r 2025-01-15 |w 2019-11-20 |y BK |k COM | ||